[Event "Champigny sur Marne op 6th"]
[Site "Champigny sur Marne"]
[Date "2006.02.18"]
[Round "3"]
[White "Oupindrin, Narayanin"]
[Black "Maurice, Olivier"]
[Result "1-0"]
[WhiteElo "2044"]
[BlackElo "1808"]
[PlyCount "73"]
[EventDate "2006.02.16"]
[EventType "swiss"]
[EventRounds "6"]
[EventCountry "FRA"]
[SourceTitle "EXT 2007"]
[Source "ChessBase"]
[SourceDate "2006.11.23"]
[SourceVersion "1"]
[SourceVersionDate "2006.11.23"]
[SourceQuality "1"]

1. e4 e6 2. d4 d5 3. e5 c5 4. c3 Nc6 5. Nf3 Bd7 6. Be2 Nge7 7. b3 Ng6 8. h4 cxd4 9. cxd4 Bb4+ 10. Kf1 Be7 11. g3 0-0 12. h5 Nh8 13. h6 g6 14. Nc3 f6 15. exf6 Bxf6 16. Be3 Nf7 17. Kg2 Nd6 18. Bd3 Nf5 19. Bxf5 gxf5 20. Qd2 Kh8 21. Ne2 Rg8 22. Nf4 Rc8 23. Nh5 Be7 24. Bf4 Rg6 25. a3 Kg8 26. b4 a6 27. Rae1 Qb6 28. Be5 a5 29. bxa5 Qxa5 30. Qxa5 Nxa5 31. Nf4 Rg4 32. Nh2 Rg5 33. Nf3 Rg4 34. Bg7 Rxf4 35. gxf4 Bxa3 36. Rh3 Bf8 37. Rg3 1-0

[Event "Champigny sur Marne op"]
[Site "Champigny sur Marne"]
[Date "2005.03.??"]
[Round "5"]
[White "El Farihi, Mohsine"]
[Black "Maurice, Olivier"]
[Result "0-1"]
[WhiteElo "2230"]
[BlackElo "1980"]
[PlyCount "65"]
[EventDate "2005.03.??"]
[EventType "swiss"]
[EventRounds "7"]
[EventCountry "FRA"]
[SourceTitle "EXT 2007"]
[Source "ChessBase"]
[SourceDate "2006.11.23"]
[SourceVersion "1"]
[SourceVersionDate "2006.11.23"]
[SourceQuality "1"]

1. e4 e6 2. Nf3 d5 3. e5 c5 4. d3 Nc6 5. Be2 Qc7 6. Bf4 Nge7 7. Nc3 a6 8. 0-0 Ng6 9. Bg3 Ngxe5 10. Nxe5 Nxe5 11. d4 cxd4 12. Qxd4 Bd6 13. Rae1 0-0 14. Kh1 Ng6 15. f4 Qc5 16. Qd2 Bd7 17. f5 Bxg3 18. hxg3 exf5 19. Nxd5 Be6 20. c4 Rad8 21. Rd1 Rd7 22. b4 Qa7 23. Qg5 Rfd8 24. g4 Bxd5 25. cxd5 Rxd5 26. Qxd8+ Rxd8 27. Rxd8+ Nf8 28. gxf5 Qe3 29. Bf3 Qh6+ 30. Kg1 Qb6+ 31. Kh1 Qxd8 32. Bxb7 Qb6 33. Bc8 0-1